Los Nuevos nazis /

Guardat en:
Dades bibliogràfiques
Autor principal: Dieterich Steffan, Heinz
Format: Text
Matèries:
Etiquetes: Afegir etiqueta
Sense etiquetes, Sigues el primer a etiquetar aquest registre!

MARC

LEADER 00000 a a2200000 04500
001 18256
003
040
100 |a Dieterich Steffan, Heinz  
245 |a Los Nuevos nazis /  |c Heinz Dieterich Steffan 
650 |a GUERRA  
650 |a MEDIOS DE COMUNICACION DE MASAS  
773 |g número 95; páginas 117-119  
999 |c 31277  |d 31277